MARC details
| 000 -CABECERA |
| campo de control de longitud fija |
00897nam a2200205 a 4500 |
| 001 - NÚMERO DE CONTROL |
| campo de control |
000041688 |
| 005 - FECHA Y HORA DE LA ÚLTIMA TRANSACCIÓN |
| campo de control |
20201002035713.0 |
| 008 - DATOS DE LONGITUD FIJA--INFORMACIÓN GENERAL |
| campo de control de longitud fija |
130725s2001 sp 001 0 spa d |
| 040 ## - FUENTE DE LA CATALOGACIÓN |
| Centro catalogador/agencia de origen |
DO-SdBNP |
| Lengua de catalogación |
spa |
| Centro/agencia transcriptor |
BNPHU |
| 100 1# - ENTRADA PRINCIPAL--NOMBRE DE PERSONA |
| Nombre de persona |
Morelló i Baget, Jordi |
| 9 (RLIN) |
68498 |
| 245 13 - MENCIÓN DE TÍTULO |
| Título |
Fiscalitat i deute públic en dues viles del Camp de Tarragona : |
| Resto del título |
Reus i Valls, segles XIV-XV / |
| Mención de responsabilidad, etc. |
Jordi Morelló Baget. |
| 260 ## - PUBLICACIÓN, DISTRIBUCIÓN, ETC. |
| Lugar de publicación, distribución, etc. |
Barcelona : |
| Nombre del editor, distribuidor, etc. |
Consejo Superior de Investigaciones Científicas, |
| Fecha de publicación, distribución, etc. |
2001. |
| 300 ## - DESCRIPCIÓN FÍSICA |
| Dimensiones |
25 cm. |
| 490 1# - MENCIÓN DE SERIE |
| Mención de serie |
Anejos del Anuario de estudios medievales ; |
| -- |
Annex |
| Designación de volumen o secuencia |
43 |
| 500 ## - NOTA GENERAL |
| Nota general |
Incluye referencias bibliográficas y notas al pie de las páginas |
| 500 ## - NOTA GENERAL |
| Nota general |
Incluye índice |
| 504 ## - NOTA DE BIBLIOGRAFÍA, ETC. |
| Nota de bibliografía, etc. |
Incluye bibliografía a final de cada cápitulo |
| 710 2# - PUNTO DE ACCESO ADICIONAL--NOMBRE DE ENTIDAD CORPORATIVA |
| Nombre de entidad corporativa o nombre de jurisdicción como elemento de entrada |
Consejo Superior de Investigaciones Científicas (España) |
| 9 (RLIN) |
15178 |
| 830 #0 - PUNTO DE ACCESO ADICIONAL DE SERIE-TÍTULO UNIFORME |
| Título uniforme |
Anejos del Anuario de estudios medievales ; |
| Nombre de parte o sección de la obra |
Annex |
| Designación de volumen o secuencia |
43 |
| 9 (RLIN) |
68499 |